Most Valuable Brands Quiz Stats

 Plays Quiz Updated Feb 27, 2019

Score 0/100 Timer 12:00
8 Plays Today
Rank Brand Name % Correct
6Coca-Cola
91.8%
1Apple
89.8%
11McDonald's
89.2%
3Microsoft
84.1%
29Pepsi
76%
42Ford
72.5%
9Toyota
71%
10AT&T
68.9%
19Verizon Wireless
66.3%
24Honda
63%
26Walmart
58.4%
22Marlboro
57.7%
20BMW
57.6%
13Mercedes
55%
25Budweiser
54%
12General Electric
53.9%
44UPS
53%
99Dell
49%
81FedEx
48.3%
72T-Mobile
46.5%
17IBM
44.9%
100KFC
44.7%
37Audi
43.7%
2Google
42.8%
68Adidas
40.1%
18Nike
38%
56Chevrolet
37.7%
60Bank of America
36.8%
7Samsung
35.7%
90Volkswagen
34.6%
50Hewlett-Packard
34.6%
75Hyundai
33.5%
54Fox
32.6%
82Heineken
29.1%
Rank Brand Name % Correct
70Nissan
26.7%
8Disney
25.9%
55Netflix
25.4%
71Rolex
24.9%
34Starbucks
24.9%
65Citi
24.5%
85Boeing
24%
79Huawei
22.9%
58Porsche
22.8%
14Intel
22.3%
53Nestlé
22.1%
36Gucci
21.9%
69Lexus
21.7%
64Chase
19.3%
74Corona
17.6%
5Amazon
17.5%
92Panasonic
16.9%
51JP Morgan
16.8%
43Wells Fargo
16.4%
87Chanel
15.9%
52HSBC
15.4%
15Louis Vuitton
15.2%
40IKEA
15%
31Nescafé
15%
62eBay
14.7%
32Gillette
14.5%
83Goldman Sachs
14.4%
91LEGO
14%
73Kraft
14%
39ESPN
13.9%
28American Express
13.4%
49Mastercard
13%
86Costco
12.9%
89Nivea
12.7%
Rank Brand Name % Correct
30L'Oréal
12.6%
47H&M
12.4%
66Colgate
11.9%
16Cisco
11.5%
63Sony
11.1%
33Home Depot
10.7%
97Walgreens
10.3%
98PayPal
9.5%
84Kellogg's
8.5%
45CVS
8.3%
80Adobe
7.9%
93Philips
7.8%
78Lowe's
7.8%
21Oracle
7.6%
4Facebook
7.4%
48Siemens
6.4%
46Zara
5.9%
41Frito-Lay
5.1%
76Banco Santander
4.9%
88Lancôme
4.9%
96Uniqlo
4.9%
94Royal Bank of Canada
4.3%
35Hermès
4.3%
59Cartier
4.2%
95Allianz
4.1%
67Danone
3.6%
27VISA
3.4%
23SAP
3%
77BASF
2.9%
38Accenture
2.5%
61Red Bull
2.4%
57Pampers
0.9%

You're not logged in!

Compare scores with friends on all Sporcle quizzes.
OR
Log In

Sporcle TV

Today on Sporcle TV


Watch our educational content, quiz creation guides, and fun videos on Sporcle TV.

Show Comments

Extras

Top Quizzes Today


Score Distribution

Your Account Isn't Verified!

In order to create a playlist on Sporcle, you need to verify the email address you used during registration. Go to your Sporcle Settings to finish the process.

Report this User

Report this user for behavior that violates our Community Guidelines.

Details: